MARC details
| 000 -LEADER |
| fixed length control field |
01848cam a2200337 a 4500 |
| 001 - CONTROL NUMBER |
| control field |
15433488 |
| 003 - CONTROL NUMBER IDENTIFIER |
| control field |
GZU |
| 005 - DATE AND TIME OF LATEST TRANSACTION |
| control field |
20200720144845.0 |
| 008 - FIXED-LENGTH DATA ELEMENTS--GENERAL INFORMATION |
| fixed length control field |
080829s2009 maua b 001 0 eng d |
| 010 ## - LIBRARY OF CONGRESS CONTROL NUMBER |
| LC control number |
2008344527 |
| 020 ## - INTERNATIONAL STANDARD BOOK NUMBER |
| International Standard Book Number |
9780073405469 (alk. paper) |
| 020 ## - INTERNATIONAL STANDARD BOOK NUMBER |
| International Standard Book Number |
0073405469 (alk. paper) |
| 035 ## - SYSTEM CONTROL NUMBER |
| System control number |
(OCoLC)ocn234146407 |
| 040 ## - CATALOGING SOURCE |
| Original cataloging agency |
YDXCP |
| Transcribing agency |
YDXCP |
| Modifying agency |
OCLCQ |
| -- |
BWX |
| -- |
BAKER |
| -- |
DLC |
| 042 ## - AUTHENTICATION CODE |
| Authentication code |
lccopycat |
| 050 00 - LIBRARY OF CONGRESS CALL NUMBER |
| Classification number |
BF789.D4 |
| Item number |
D53 2009 |
| 082 00 - DEWEY DECIMAL CLASSIFICATION NUMBER |
| Classification number |
155.9/37 |
| Edition number |
22 |
| 100 1# - MAIN ENTRY--PERSONAL NAME |
| Personal name |
DeSpelder, Lynne Ann, |
| Dates associated with a name |
1944- |
| 245 14 - TITLE STATEMENT |
| Title |
The last dance : |
| Remainder of title |
encountering death and dying / |
| Statement of responsibility, etc. |
Lynne Ann DeSpelder, Albert Lee Strickland. |
| 250 ## - EDITION STATEMENT |
| Edition statement |
8th ed. |
| 260 ## - PUBLICATION, DISTRIBUTION, ETC. |
| Place of publication, distribution, etc. |
Boston : |
| Name of publisher, distributor, etc. |
McGraw Hill Higher Education, |
| Date of publication, distribution, etc. |
c2009. |
| 300 ## - PHYSICAL DESCRIPTION |
| Extent |
xxiv, 648 p. : |
| Other physical details |
ill. ; |
| Dimensions |
24 cm. |
| 504 ## - BIBLIOGRAPHY, ETC. NOTE |
| Bibliography, etc. note |
Includes bibliographical references (p. 553-626) and indexes. |
| 505 0# - FORMATTED CONTENTS NOTE |
| Formatted contents note |
Attitudes toward death : a climate of change -- Learning about death : the influence of sociocultural forces -- Perspectives on death : cultural and historical -- Death systems : mortality and society -- Health care : patients, staff, and institutions -- End-of-life issues and decisions -- Facing death : living with life-threatening illness -- Last rites : funerals and body disposition -- Survivors : understanding the experience of loss -- Death in the lives of children and adolescents -- Death in the lives of adults -- Suicide -- Threats of horrendous death -- Beyond death/after life -- The path ahead : personal and social choices. |
| 650 #0 - SUBJECT ADDED ENTRY--TOPICAL TERM |
| Topical term or geographic name entry element |
Death |
| General subdivision |
Psychological aspects |
| Form subdivision |
Textbooks. |
| 650 #0 - SUBJECT ADDED ENTRY--TOPICAL TERM |
| Topical term or geographic name entry element |
Death |
| General subdivision |
Social aspects |
| Form subdivision |
Textbooks. |
| 700 1# - ADDED ENTRY--PERSONAL NAME |
| Personal name |
Strickland, Albert Lee. |
| 906 ## - LOCAL DATA ELEMENT F, LDF (RLIN) |
| a |
7 |
| b |
cbc |
| c |
copycat |
| d |
2 |
| e |
ncip |
| f |
20 |
| g |
y-gencatlg |
| 942 ## - ADDED ENTRY ELEMENTS (KOHA) |
| Source of classification or shelving scheme |
Library of Congress Classification |
| Koha item type |
Books |
| Classification part |
789 |
| Item part |
DES |
| Call number prefix |
BF |
| Call number suffix |
2009 |